00530nam a2200169Ia 4500008004000000082001600040100002700056245004700083260002700130300000800157440000700165650002100172690002000193906001000213999001700223952012000240210210b1965 xxu||||| |||| 00| 0 eng d a940.53 CHUS aCHURCHILL (Winston S). aSecond world war, 11. the tide of victory. aLondon.bCassellc1965 a288 a11 aII World War  aEuropean Histor a02758 c78874d78874 001040708HistoryaALbALcHistoryd2021-02-17g4.50l0o940.53 CHUSp027589r2021-02-17 00:00:00w2021-02-17yBK